| 000 | 00608nam a2200193 a 4500 | ||
|---|---|---|---|
| 005 | 20210219150021.0 | ||
| 008 | 991125s1976 es 000 0 spa u | ||
| 020 | _a8431101946 | ||
| 035 | _aUPN01000005859 | ||
| 049 | _aCG | ||
| 050 | 4 |
_aQP361 _bL3.28 |
|
| 100 | 1 | _aLaget, P. | |
| 245 | 1 | 0 |
_aBiología y fisiología de los elementos nerviosos / _cpor P. Laget ; préf. y tr. J. M. Espadaler Medina. |
| 260 |
_aBarcelona, Esp. : _bToray-Masson, _c1976. |
||
| 300 |
_axi 179 p. : _bil. |
||
| 440 | 0 | _aEstructuras y funciones del sistema nervioso | |
| 650 | 4 |
_aSISTEMA NERVIOSO - _xFISIOLOGIA |
|
| 905 | _aLibro | ||
| 999 |
_c5859 _d5859 |
||